00389nam a2200157 a 4500001000400000003000900004008004100013040002800054082001600082100002100098245002600119260003800145300001000183490001600193650002200209932CO-ViMGA141112s2004 ck r 000 u spa d aCO-ViMGAbspacCO-ViMGA04a599.82 G6871 aGoustard, Michel10aLos monos antropoides aBarcelona : bOikos - tau, c1971 a126 p aQue se?, 3314aMONOS ANTROPOIDES